Catres / (Record no. 193027)

MARC details
000 -LEADER
campo de control de longitud fija 01327nam a2200373 i 4500
001 - NÚMERO DE CONTROL
campo de control 193027
003 - IDENTIFICADOR DE NÚMERO DE CONTROL
campo de control ES-MaACL
005 - FECHA Y HORA DE LA ÚLTIMA TRANSACCIÓN
campo de control 20240707063033.0
007 - CAMPO FIJO DE DESCRIPCIÓN FÍSICA--INFORMACIÓN GENERAL
campo de control de longitud fija ta
008 - DATOS DE LONGITUD FIJA--INFORMACIÓN GENERAL
campo de control de longitud fija 230723s2018 sp 00|0p spa d
017 ## - NÚMERO DE COPYRIGHT O DE DEPÓSITO LEGAL
Número de copyright o de depósito legal SE 967-2018
020 ## - NÚMERO INTERNACIONAL ESTÁNDAR DEL LIBRO
Número Internacional Estándar del Libro 9788417266677
035 ## - NÚMERO DE CONTROL DEL SISTEMA
Número de control de sistema CCBIP02445022
040 ## - FUENTE DE CATALOGACIÓN
Centro catalogador/agencia de origen BIAN
Centro/agencia modificador SE073
Lengua de catalogación spa
Centro/agencia transcriptor ES-MaACL
080 ## - NÚMERO DE LA CLASIFICACIÓN DECIMAL UNIVERSAL
Número de la Clasificación Decimal Universal 821.134.2-1"19"
100 ## - ENTRADA PRINCIPAL--NOMBRE DE PERSONA
Nombre de persona Campos, Joaquin,
Fechas asociadas al nombre 1974-
9 (RLIN) 175785
245 10 - MENCIÓN DEL TÍTULO
Título Catres /
Mención de responsabilidad, etc. Joaquín Campos.
260 ## - PUBLICACIÓN, DISTRIBUCIÓN, ETC.
Lugar de publicación, distribución, etc. Valencina de la Concepción, Sevilla :
Nombre del editor, distribuidor, etc. Renacimiento,
Fecha de publicación, distribución, etc. D.L., 2018.
300 ## - DESCRIPCIÓN FÍSICA
Extensión 85 p. ;
Dimensiones 24 cm.
336 ## - TIPO DE CONTENIDO
Término de tipo de contenido Texto (visual)
Fuente rdacontent
337 ## - TIPO DE MEDIO
Nombre/término del tipo de medio sin mediación
Fuente rdamedia
338 ## - TIPO DE SOPORTE
Fuente rdacarrier
Nombre/término del tipo de soporte volumen
490 1# - MENCIÓN DE SERIE
Mención de serie Calle del aire ;
Designación de volumen o secuencia 178
500 ## - NOTA GENERAL
Nota general Catalogación provisional. Signatura: N 8525. Depósito J.
655 #7 - TERMINO DE INDIZACIÓN--GENERO/FORMA
Datos o término principal de género/forma Poesías
Fuente del término tgfbne
9 (RLIN) 176539
830 ## - PUNTO DE ACCESO ADICIONAL DE SERIE-TÍTULO UNIFORME
9 (RLIN) 193515
Título uniforme Calle del aire ;
Designación de volumen o secuencia 178
852 ## - LOCALIZACIÓN
Ubicación ES-MaACL
Sublocalización o colección R 152942
Ubicación en estantería Depósito J
Número de control de estantería N 8525
Anotaciones manuscritas Firmado y dedicado por el autor
Donativo/Legado Donación: Joaquín Campos
Nota libre En proceso
itemnumber 200332
903 ## - NOMBRE PERSONAL DE DONANTE
9 175785
a Campos, Joaquin,
d 1974-
e Donante
942 ## - ELEMENTOS DE ENTRADA SECUNDARIOS (KOHA)
Suprimir en OPAC No
Tipo de ítem Koha Libro impreso
Holdings
Estatus retirado Estado de pérdida Fuente del sistema de clasificación o colocación Estado de daño No para préstamo Colección Biblioteca de origen Biblioteca actual Ubicación en estantería Fecha de adquisición Fuente de adquisición Total de préstamos Signatura topográfica completa Código de barras Visto por última vez Precio de reemplazo Tipo de ítem Koha Nota pública
    Clasificación decimal universal     Libros con dedicatorias Biblioteca del Ateneo de Madrid Biblioteca del Ateneo de Madrid Depósito J 09/09/2020 Donación   N-8525 101205625 23/07/2023 23/07/2023 Libro impreso Dedicatoria autógrafa del autor